000 00887nam a22002297a 4500
005 20080613165215.0
008 080613t xxu||||| |||| 00| 0 eng d
010 _aENG-90287
020 _a8120335332
_c250.00
035 _aEN-73820
037 _bDBAD / PUB
040 _aDPL
_bEN
082 _a332.10680954
100 _aSharma, Meera
245 _aManagement of financial institutions:
_cby Meera Sharma
_bwith emphasis on bank and risk management /
260 _aNew Delhi
_bPrentice- Hall of India
_c2008
270 _aM-97, Connaught Circus,
_bNew Delhi
_e110001
300 _axvi, 320p.
_c23 cm (pbk)
500 _aIncludes index
942 _cEN
_h332.10680954
_2ddc
_mSHA
999 _c13654
_d13654